Statistics for Numbers to 31 in French

Click here to take the quiz!

General Stats

  • This quiz has been taken 11 times
  • The average score is 28 of 31

Answer Stats

EnglishFrench% Correct
5cinq
100%
10dix
100%
18dix-huit
100%
19dix-neuf
100%
17dix-sept
100%
8huit
100%
9neuf
100%
4quatre
100%
7sept
100%
6six
100%
3trois
100%
1un
100%
2deux
90%
11onze
90%
14quatorze
90%
13treize
90%
30trente
90%
31trente et un
90%
20vingt
90%
25vingt-cinq
90%
22vingt-deux
90%
21vingt et un
90%
28vingt-huit
90%
29vingt-neuf
90%
24vingt-quatre
90%
27vingt-sept
90%
26vingt-six
90%
23vingt-trois
90%
12douze
80%
16seize
80%
15quince
40%

Score Distribution

Percentile by Number Answered

Percent of People with Each Score

Your Score History

You have not taken this quiz